000 004070000a22001570004500
003 MACL
005 20160103131729.0
008 160103b xxu||||| |||| 00| 0 eng d
040 _aMACL
_cMACL
041 _aEnglish
100 _aSwarup, Shanti
_97267
245 _aThe Arts and Crafts of India and pakistan
260 _bTaraporevala
_aBombay
_c1957
650 _aArts
_927678
942 _cBK
_k745.54/SWA
_2ddc
999 _c37588
_d37588